01463nam a2200337 i 4500001001000000003000900010005001700019007000300036008004100039040003000080041000800110082003300118110003300151240003300184245016900217246008700386264008700473300002800560336002700588337003400615338003100649590002500680650006500705650005700770650004000827651004500867910003700912942001400949952014500963999001701108000038612DO-SdBNP20250710131610.0ta090824s2003 dr l 000 0 spa d aDO-SdBNPbspacBNPHUerda aspa 4a344.729301bR426cod 19922221 aRepública Dominicana.944710a[Código del trabajo, 1992]10aCódigo de trabajo de la República Dominicana :bvotado por la Ley no. 16-92 : del Congreso Nacional promulgada por el Poder Ejecutivo el dia 29 de mayo de 1992.14aCódigo de trabajo de la República Dominicana y reglamento para su aplicación aSanto Domingo, República Dominicana :bSecretaría de Estado de Trabajo,c2003. a251 páginas ;c21 cm. atextobtxt2rdacontent asin mediación bn2rdamedia avolumen bnc2rdacarrier  aInventariado,2018/DG 4aDerecho laboralxLegislaciónzRepública Dominicana97806 4aLegislación laboralzRepública Dominicana911733 4aLeyeszRepública Dominicana93033 4aRepública DominicanaxLey 16-92952585 aValidado. Control de calidad MFF 2ddccLBS1 00102ddc51708PDaBNPHUbBNPHUcHDd2013-04-16l0oBNPHU PD 344.729301 R426cod 1992p38612-10r2020-06-25w2020-06-25yLBS1ZNo se presta c38102d38102